Score 0/20 Timer 03:00
0 Plays Today
Question Answer Wrong Answers
Drove my Chevy to the levee but the levee was dry American Pie
95.2%
Saga Begins
1.5%
Them good ole boys were drinking whiskey and rye American Pie
95.2%
Saga Begins
1.8%
May be Vader someday later - now he's just a small fry Saga Begins
94.9%
American Pie
2.3%
Something touched me deep inside, the day the music died American Pie
94.6%
Saga Begins
2.2%
I met a girl who sang the blues American Pie
92.7%
Saga Begins
4.4%
But February made me shiver American Pie
91.1%
Saga Begins
5.9%
He was a prepubescent flyin' ace Saga Begins
91%
American Pie
6%
That's where we found this boy Saga Begins
89.2%
American Pie
7.3%
Oh, the Council was impressed, of course Saga Begins
88.6%
American Pie
8.3%
And he might fulfill that prophecy Saga Begins
88%
American Pie
8.7%
Well, I'm still here and he's a ghost Saga Begins
87.4%
American Pie
9.6%
Helter skelter in a summer swelter American Pie
86.9%
Saga Begins
10.1%
I was a lonely teenage broncin' buck American Pie
86.5%
Saga Begins
10.2%
A lot of folks were croakin' Saga Begins
86.1%
American Pie
11%
Now the half-time air was sweet perfume American Pie
86%
Saga Begins
10.6%
We took a bongo from the scene Saga Begins
84.1%
American Pie
12.7%
The quartet practiced in the park American Pie
83.9%
Saga Begins
13%
We all fought in that epic war Saga Begins
83.6%
American Pie
13.4%
‘Cause fire is the devil's only friend American Pie
83.5%
Saga Begins
13.4%
And he left his home and kissed his mommy goodbye Saga Begins
82.9%
American Pie
14.1%

Today's Daily Dose

You're not logged in!

Compare scores with friends on all Sporcle quizzes.
OR
Log In

Sporcle TV

Today on Sporcle TV


Watch our educational content, quiz creation guides, and fun videos on Sporcle TV.

Show Comments

Extras

Top Quizzes Today


Score Distribution

Paid Content

Your Account Isn't Verified!

In order to create a playlist on Sporcle, you need to verify the email address you used during registration. Go to your Sporcle Settings to finish the process.

Report this User

Report this user for behavior that violates our Community Guidelines.

Details: